000 02143nam a2200301 a 4500
001 000021632
005 20240306073903.0
008 100909s2012 dr a 000 0 spa d
020 _a9789945117554 (v. 2)
020 _a9789945117561 (v. 3)
020 _a9789945117578 (v. 4)
020 _a9789945117585 (v. 5)
040 _aDO-SdBNP
_bspa
_cBNPHU
100 1 _aJiménez Rosa, Tania
_945006
245 1 0 _aLisa, Tomás y sus amigos :
_beducación inicial /
_cTania Jiménez Rosa, Altagracia Santos ; dirección editorial Obdulia García de Escobar; ilustración Ruddy Núñez...[et al.].
260 _aSanto Domingo :
_bSantillana,
_c2012.
300 _av. :
_bil. ;
_c20 cm.
490 1 _aInnova
500 _aEste libro ha sido realizado de conformidad con el currículum vigente y ha sido sometido a la aprobación del MINERD(Ministerio de Educación de la República Dominicana)
505 0 _gv. 2 :
_tLlegamos al colegio --
_tAsí soy --
_tLa familia de Lisa y Tomás --
_tDisfruta en el colegio --
_tMe gusta el campo --
_tMi país --
_t¡Qué rico! --
_tLa naturaleza es hermosa --
_tMi planeta --
_tDe vacaciones estaré --
505 0 _gv. 3 :
_t¡ Me presento --
_t¡Somos diferentes¡ --
_tTengo una hermosa familia --
_tel colegio me recibe con alegría --
_tMi localidad --
_tSomos dominicanos --
_tDesayuno bien para crecer sana --
_tLa naturaleza es hermosa --
_tLisa usa el globo terráqueo --
_tDisfrutaré de mi vacaciones --
505 0 _gv. 4 :
_tUn lindo paseo --
_tEstamos creciendo --
_tUna familia feliz --
_tEn mi colegio --
_tMi comunidad local --
_tMi país, mi nación --
_tAlimentos nutritivos --
_tCuidamos la naturaleza --
_tLa tierra es nuestro planeta --
_tPronto estaré de vacaciones --
505 0 _gv. 5
_tRegreso al colegio --
_t¡Cuando yo nací! --
_tSoy parte de una hermosa familia --
_tEn mi colegio --
_tCuidamos el parque --
_tNuestro país --
_tAlimentos saludables --
_tLa vida en la naturaleza --
_tEl sol y los planetas --
_tNos divertimos en el parque --
700 1 _aSantos, Altagracia
_96594
700 1 _aGarcía Escobar, Obdulia de
_eed.
_929220
700 1 _aNúñez, Ruddy
_eil.
_923171
830 0 _aInnova
_929570
999 _c21131
_d21131